Typee Herman Melville / (Record no. 186390)
[ view plain ]
| 000 -LEADER | |
|---|---|
| fixed length control field | 01301 a2200169 4500 |
| 003 - CONTROL NUMBER IDENTIFIER | |
| control field | Nust |
| 005 - DATE AND TIME OF LATEST TRANSACTION | |
| control field | 20230131130030.0 |
| 040 ## - CATALOGING SOURCE | |
| Transcribing agency | Nust |
| 082 ## - DEWEY DECIMAL CLASSIFICATION NUMBER | |
| Classification number | 808.83,MEL |
| 100 ## - MAIN ENTRY--PERSONAL NAME | |
| Personal name | Lander E |
| 9 (RLIN) | 108222 |
| 245 ## - TITLE STATEMENT | |
| Title | Typee Herman Melville / |
| Statement of responsibility, etc. | E Lander |
| 260 ## - PUBLICATION, DISTRIBUTION, ETC. | |
| Place of publication, distribution, etc. | London |
| Name of publisher, distributor, etc. | Collins |
| 300 ## - PHYSICAL DESCRIPTION | |
| Extent | 366:p |
| 505 ## - FORMATTED CONTENTS NOTE | |
| Formatted contents note | The Sea (Page-1), Passage from the Cruising Ground to the Marquesas (Page-9), Some Account of the Late Operation of the French at The Marquesas (Page-18), State of Affairs Aboard the Ship (Page-23), Swimming in Company With Girls of The Valley (Page-173), Reflection After Marnoos Departure (Page-191), History of a Day as Usually Spent in the Type Valley (Page-200), The Spring of Aria Wai (Page-206), Preparation for a Grand Festival in the Valley (Page-211), The Feast of Calabashes (Page-219), Ideas Suggested by the Feast of Calabashes (Page-228), general Information Gathered at the Festival (Page-244), King Mehevi (Page-255), The Social Condition (Page-272), Fishing Parties (Page-281), Natural History of the Valley (Page-286), A Professor of the Fine Art (Page-295), Strange Custom of the Islanders (Page-307), Apprehensions of Evil (Page-314), The Stranger Again Arrives in the Valley (Page-327), The Escape (Page-334). |
| 650 ## - SUBJECT ADDED ENTRY--TOPICAL TERM | |
| Topical term or geographic name entry element | Novel |
| 9 (RLIN) | 2525 |
| 942 ## - ADDED ENTRY ELEMENTS (KOHA) | |
| Source of classification or shelving scheme | |
| Koha item type | Book |
| Call number prefix | 808.83,MEL |
| Withdrawn status | Lost status | Source of classification or shelving scheme | Damaged status | Not for loan | Permanent Location | Current Location | Shelving location | Date acquired | Full call number | Barcode | Date last seen | Price effective from | Koha item type | Public note |
|---|---|---|---|---|---|---|---|---|---|---|---|---|---|---|
| Military College of Signals (MCS) | Military College of Signals (MCS) | General Stacks | 12/12/2016 | 808.83,MEL | MCS29898 | 12/08/2016 | 12/12/2016 | Book | Almirah No. 57, Shelf No.1 |
